| 000 | 01050nam a2200277 a 4500 | ||
|---|---|---|---|
| 001 | 000032081 | ||
| 003 | DO-SdBNP | ||
| 005 | 20250630100924.0 | ||
| 008 | 110712s19uu dr 000 0 spa d | ||
| 040 |
_aDO-SdBNP _bspa _cBNPHU _erda |
||
| 041 | 1 | 7 | _aeng |
| 082 | 4 |
_222 _a972.93053 _bG158e [197-?] |
|
| 245 | 1 | 0 |
_aThe era of Trujillo, dominican dictator / _cJesús de Galíndez ; editor, Russell H. Fitzgibbon. |
| 264 |
_a [Lugar de publicación no identificado] : _bUniversity of Arizona Press, _c[197-?]. |
||
| 300 |
_a298 páginas : _bilustraciones, retratos ; _c23 cm. |
||
| 336 |
_2rdacontent _atexto _btxt |
||
| 337 |
_2rdamedia _asin mediación _bn |
||
| 338 |
_2rdacarrier _avolumen _bnc |
||
| 500 | _aIncluye índice | ||
| 500 | _aIncluye referencias bibliográficas y notas al pie de las páginas | ||
| 504 | _aBibliografía : p. 285-288 | ||
| 590 | _aInventariado, 2023/MFF | ||
| 651 | 0 |
_aRepública Dominicana _xHistoria _yEra de Trujillo, 1930-1961 _978796 |
|
| 700 | 1 |
_aFitzgibbon, Russell H. _958203 _eeditor |
|
| 942 |
_2ddc _cLBS1 |
||
| 999 |
_c31572 _d31572 |
||